| 000 | 00799nam a2200217 i 4500 | ||
|---|---|---|---|
| 001 | 29801 | ||
| 003 | ES-MaACL | ||
| 005 | 20250727091309.0 | ||
| 007 | t| | ||
| 008 | 030123s1955 sp ||||1| spa d | ||
| 100 | 1 |
_aBas y Rivas, Federico. _926234 |
|
| 245 | 1 | 0 |
_aDerechos reales en las sociedades y valores mobiliarios / _cFederico Bas y Rivas ; prólogo de José Pérez Fernández. |
| 260 |
_aMadrid : _bRevista de Derecho Privado, _c[1955] |
||
| 300 |
_aXXXII, 639 p. ; _c23 cm. |
||
| 490 | 1 | _aMonografías prácticas de derecho español | |
| 650 | 0 | 4 |
_aImpuesto sobre sociedades- _zEspaña. _913630 |
| 700 | 1 |
_aPérez Fernández, José. _990860 |
|
| 830 | 0 | 0 |
_aMonografías prácticas de derecho español _9181279 |
| 852 |
_aES-MaACL _jC-9498 _bR.37462 |
||
| 999 |
_c29801 _d29801 |
||